ბათუმის შოთა რუსთაველის სახელმწიფო უნივერსიტეტის ბიბლიოთეკა

გალაკტიონის Meri : (ბიბ.ჩანაწერი № 60145)

000 -ლიდერი
ფიქსირებული სიგრძის საკონტროლო ველი 01444nam a22002657a 4500
003 - საკონტროლო ნომრის იდენტიფიკატორი
საკონტროლო ველი Ge_BSU
005 - ბოლო ოპერაციის თარიღი და დრო
საკონტროლო ველი 20230613101955.0
008 - ფიქსირებული სიგრძის მონაცემთა ელემენტები - ზოგადი ინფორმაცია
ფიქსირებული სიგრძის საკონტროლო ველი 230612s2012 ge ||||| |||| 00| 0 geo d
020 ## - წიგნის საერთაშორისო სტანდარტული ნომერი
International Standard Book Number 9789941044069
041 ## - ენის კოდი
Language code of text/sound track or separate title geo
080 ## - უნივერსალური ათობითი კლასიფიკაციის ინდექსი
Universal Decimal Classification number 821.353.1(092 ტაბიძე, გ.) მ-57
100 ## - მთავარი ჩანაწერი - პიროვნების სახელი
Personal name მერაბიშვილი, ინესა
9 (RLIN) 18656
245 ## - ცნობა სათაურის შესახებ
Title გალაკტიონის Meri :
Remainder of title პროტოტიპის ძიება /
Statement of responsibility, etc ინესა მერაბიშვილი; [რედ. გოგი სალიაშვილი; მხატვ. ვახტანგ რურუა].
264 ## - წარმოების, გამოცემის, დისტრიბუციის და სხვა ცნობები
გამოცემის, წარმოების, დისტრიბუციის... ადგილი თბილისი :
გამოცემის, წარმოების, დისტრიბუციის... სახელწოდება საქ. ბაირონის საზ-ბა,
გამოცემის, წარმოების, დისტრიბუციის... თარიღი 2012.
300 ## - ფიზიკური აღწერა
Extent 270გვ. :
Other physical details ფოტ. ;
Dimensions 21სმ.
501 ## - შენიშვნა თანმხლებ მასალაზე
With note დანართი: გვ. 170-256.
504 ## - BIBLIOGRAPHY, ETC. NOTE
Bibliography, etc ბიბლიოგრ. ტექსტ. შენიშვნ. და გვ. 269-270.
520 ## - SUMMARY, ETC.
Summary, etc რეზ. ინგლ.
653 ## - INDEX TERM--UNCONTROLLED
Uncontrolled term ტაბიძე, გალაკტიონ, 1891-1959.
653 ## - INDEX TERM--UNCONTROLLED
Uncontrolled term ქართველი მწერლები
653 ## - INDEX TERM--UNCONTROLLED
Uncontrolled term ქართული პოეზიის ისტორია და კრიტიკა
700 ## - ADDED ENTRY--PERSONAL NAME
Personal name სალიაშვილი, გოგი
Relator term რედაქტორი
9 (RLIN) 18657
700 ## - ADDED ENTRY--PERSONAL NAME
Personal name რურუა, ვახტანგ
Relator term მხატვარი
9 (RLIN) 18658
942 ## - ADDED ENTRY ELEMENTS (KOHA)
Source of classification or shelving scheme
Koha item type წიგნი
ეგზემპლარები
ჩამოწერის სტატუსი დაკარგული ეგზემპლარის სტატუსი კლასიფიკაციის წყარო ან თაროზე გაწყობის სქემა დაზიანების სტატუსი არ გაიცემა მუდმივი მდებარეობა (დაცვის ადგილი) ამჟამინდელი ადგილსამყოფელი თაროზე განთავსების ადგილი შეძენის თარიღი ღირებულება, შესყიდვის ნორმალური ფასი სრული შენახვის შიფრი შტრიხკოდი ბოლო ოპერაციის თარიღი ეგზემპლარის მიმდევრობითი ნომერი (კეტერი?) Uniform Resource Identifier ფასის ძალაში შესვლის თარიღი ეგზემპლარის სახეობა საჯარო შენიშვნა
          ბათუმის შოთა რუსთაველის სახელმწიფო უნივერსიტეტის მთავარი ბიბლიოთეკა ბათუმის შოთა რუსთაველის სახელმწიფო უნივერსიტეტის მთავარი ბიბლიოთეკა წიგნსაცავი 2023-06-12 7.00 821.353.1(092 ტაბიძე, გ.) მ-57 64571 2023-06-12 64571 ბსუ-ს საპატიო დოქტორის გურამ ლორთქიფანიძის საჩუქარი 2023-06-12 წიგნი 7 ლ.